Sports Quiz

Random Sports or MLB Quiz

Pixelated MLB Logos Quiz Stats

Quiz Updated Jul 15, 2016

Challenge
Share
Tweet
Score 0/30 Timer 04:00
2 Plays Today
% Correct
Chicago Cubs
97.4%
Boston Red Sox
96.6%
Philadelphia Phillies
94%
Minnesota Twins
93.3%
Houston Astros
91.4%
Oakland Athletics
90.9%
Milwaukee Brewers
90.3%
Pittsburgh Pirates
90.1%
New York Yankees
89.6%
Kansas City Royals
89.2%
San Diego Padres
88.2%
Texas Rangers
87.6%
Miami Marlins
87.3%
St. Louis Cardinals
86.8%
Detroit Tigers
86.7%
% Correct
Los Angeles Dodgers
86.1%
Chicago White Sox
86%
Baltimore Orioles
85.7%
New York Mets
85.4%
Washington Nationals
84.5%
San Francisco Giants
83.9%
Atlanta Braves
83.2%
Cincinnati Reds
82.3%
Los Angeles Angels
81.3%
Arizona Diamondbacks
79.9%
Tampa Bay Rays
79.5%
Cleveland Indians
77.6%
Colorado Rockies
77.3%
Seattle Mariners
75.7%
Toronto Blue Jays
74.2%

You're not logged in!

Compare scores with friends on all Sporcle quizzes.
Sign Up with Email
OR
Log In

You Might Also Like...

Show Comments

Extras

Top Quizzes Today


Score Distribution

Your Account Isn't Verified!

In order to create a playlist on Sporcle, you need to verify the email address you used during registration. Go to your Sporcle Settings to finish the process.

Report this User

Report this user for behavior that violates our Community Guidelines.

Details: